What Every Country Calls Their Subdivisions - Statistics

General Stats
  • This quiz has been taken 94 times
  • The average score is 122 of 195
Answer Stats
Country Subdivision Name % Correct
Myanmar Region / State
100%
Australia | Austria | Brazil | +12 others State
94%
Afghanistan | Algeria | Angola | +43 others Province
82%
Albania | Croatia | Estonia | +8 others County
77%
Belarus | Belgium | Burkina Faso | +43 others Region
72%
United Kingdom Country / Dependency
69%
Luxembourg | Switzerland Canton
58%
Comoros | Kiribati | Mauritius | +2 others Island
51%
Azerbaijan | Bahamas | Belize | +18 others District
42%
Andorra | Antigua and Barbuda | Barbados | +4 others Parish
40%
Cape Verde | East Timor | Iceland | +8 others Municipality
37%
Benin | Bolivia | Colombia | +9 others Department
34%
Bangladesh | Bosnia and Herzegovina | Tonga Division
31%
Central African Republic | Japan Prefecture
29%
United Arab Emirates Emirate
26%
Egypt | Jordan | Lebanon | +2 others Governorate
20%
Spain Community
15%
Maldives Atoll
12%
Monaco Ward
6%
New Zealand Association
5%
Greece Administration
3%
Singapore Council
2%
No matching quizzes found
Score Distribution
Percent of People with Each Score
Percentile by Number Answered
Your Score History
You have not taken this quiz